| 000 | 01402nam a2200349 a 4500 | ||
|---|---|---|---|
| 003 | BLK | ||
| 005 | 20231027123844.0 | ||
| 008 | 180411b bul|||||r ||||||| ||bul|| | ||
| 010 | _aKNG00191602000 | ||
| 040 | _aBLK | ||
| 041 |
_aFRE _cFRE |
||
| 080 |
_aАнглийски език _b811.111 _x-5 _z811.111-5 |
||
| 100 |
_aFuchs, Paul _9435972 |
||
| 139 | _aFuchs, Paul | ||
| 245 | 1 | 0 |
_aGrammaire Anglaise A L'Usage Des Francais _bNouvelle methode de H. G. Ollendorff _cPaul Fuchs |
| 250 | _a4. ed. | ||
| 257 | _aFRA | ||
| 260 |
_aFrancfort s. M. _bCharles Jugel _c1875 _9435973 |
||
| 300 |
_aXXIII, 664 p. _c18 см |
||
| 380 | _a80 | ||
| 490 |
_9435080 _aКолекция Редки и ценни издания |
||
| 490 |
_9435931 _aЛична библиотека на Захари Стоянов _v42 |
||
| 500 | _aДатирано: 27.ІV.936 г. № 175. | ||
| 650 | 0 |
_aАнглийски език - граматика _9252124 |
|
| 653 | 7 |
_aанглийски език _9180906 |
|
| 653 | _aграматика | ||
| 852 |
_aРф 875 ЗСт _bРц |
||
| 856 | 4 |
_qjpg _fЗаглавна страница _lreg users access _uhttp://185.138.176.146:18082/cgi-bin/koha/opac-retrieve-file.pl?id=1af9f4894beaf83e7aaaad49686c7961 _xpicjpg _zЗаглавна страница |
|
| 942 |
_cKNG _n0 _s1 |
||
| 944 |
_aCR _c2020-11-05 _k30542 _lРусанова Ирена |
||
| 999 |
_c391342 _d391342 |
||
| 999 | _d391342 | ||